KSI PRIME DRINK - Statistics

General Stats
  • This quiz has been taken 183 times
  • The average score is 6 of 8
Answer Stats
Hint Answer % Correct
Red,white,blue ICE POP
86%
Orange Orange
85%
Purple Grape
84%
Blue Blue raspberry
81%
Green Lemon lime
77%
Red Tropical punch
72%
Black with pattens KSI
58%
Pink Meta moon
39%
No matching quizzes found
Score Distribution
Percent of People with Each Score
Percentile by Number Answered
Your Score History
You have not taken this quiz